Logo BPK

Biblioteka

Politechniki Koszalińskiej

Klient na całe życie : (Rekord nr 5736)

Szczegóły MARC
000 -ETYKIETA REKORDU
podpole kontrolne o stałej długości 01031nam a2200277 i 4500
001 - NUMER KONTROLNY REKORDU
pole kontrolne bg
003 - IDENTYFIKATOR NUMERU KONTROLNEGO REKORDU
podpole kontrolne BPK
005 - DATA OSTATNIEJ MODYFIKACJI REKORDU
podpole kontrolne 20191012113449.0
008 - POLE O STAŁEJ DŁUGOŚCI - DANE KONTROLNE
podpole kontrolne o stałej długości 150612s1992 pl a f 000 0 pol d
020 ## - MIĘDZYNARODOWY ZNORMALIZOWANY NUMER KSIĄŻKI - ISBN
ISBN 8390040093
040 ## - ŹRÓDŁO KATALOGOWANIA
Instytucja, która utworzyła rekord BPK
041 1# - KOD JĘZYKA
Kod języka tekstu pol
Kod języka oryginału eng
080 ## - UNIWERSALNA KLASYFIKACJA DZIESIĘTNA - UKD
UKD 339.138
100 1# - NAZWA OSOBOWA
Nazwa osobowa Sewell, Carl.
245 10 - TYTUŁ/ODPOWIEDZIALNOŚĆ
Tytuł Klient na całe życie :
Ciąg dalszy tytułu czyli jak zmienić przypadkowego klienta w wiernego entuzjastę naszych usług /
Pozostałe elementy strefy tytułu i oznaczenia odpowiedzialności Carl Sewell i Paul B. Brown ; przedm. Tom Peters ; posł. Stanley Marcus ; [tł. Marzena Gąsiorek].
260 ## - STREFA ADRESU WYDAWNICZEGO
Miejsce wydania Warszawa :
Nazwa wydawcy/dystrybutora Morrow & Co,
Data publikacji, dystrybucji/powstania dokumentu 1992.
300 ## - STREFA OPISU FIZYCZNEGO
Objętość 207 s. :
Inne cechy fizyczne il. ;
Rozmiary 21 cm.
655 ## - TERMIN INDEKSOWY - OKREŚLENIE RODZAJU/FORMY DOKUMENTU
Określenie rodzaju/formy dokumentu Poradnik
650 #4 - HASŁO PRZEDMIOTOWE W FORMIE NAZWY OGÓLNEJ LUB JEDNOSTKOWEJ
Nazwa ogólna lub geograficzna Techniki sprzedaży
700 1# - HASŁO DODATKOWE - NAZWA OSOBOWA
Nazwa osobowa Brown, Paul B.
700 1# - HASŁO DODATKOWE - NAZWA OSOBOWA
Nazwa osobowa Peters, Thomas J.
Daty związane z nazwą (1942- ).
Określenie związku między hasłem a opisywanym materiałem Przedm.
700 1# - HASŁO DODATKOWE - NAZWA OSOBOWA
Nazwa osobowa Marcus, Stanley
Daty związane z nazwą (1905-2002).
Określenie związku między hasłem a opisywanym materiałem Posł.
700 1# - HASŁO DODATKOWE - NAZWA OSOBOWA
Nazwa osobowa Gąsiorek, Marzena.
Określenie związku między hasłem a opisywanym materiałem Tł.
856 ## - LOKALIZACJA I DOSTĘP DO ELEKTRONICZNYCH DOKUMENTÓW ZDALNYCH
Link (URL) http://koha.tu.koszalin.pl/cgi-bin/koha/opac-detail.pl?biblionumber=5736
Tekst linku Katalog online BPK
942 ## - DODATKOWE ELEMENTY (KOHA)
Typ dokumentu Książka
Schemat klasyfikacji Uniwersalna Klasyfikacja Dziesiętna
Egzemplarze
Wycofany Status egzemplarza Uszkodzony Dostępność Lokalizacja stała Lokalizacja bieżąca Miejsce przechowywania Sygnatura Kod kreskowy Dział Typ dokumentu
      Tylko na miejscu Biblioteka Politechniki Koszalińskiej Biblioteka Politechniki Koszalińskiej Czytelnia BG P 45256 01804720 339.138 Marketing Książka
      Tylko na miejscu Biblioteka Politechniki Koszalińskiej Biblioteka Politechniki Koszalińskiej Czytelnia Wydziałowa ul. Kwiatkowskiego 6e 106522 02620985 339.13 Analiza rynku. Marketing Książka
© 2023 Biblioteka Politechniki Koszalińskiej :: KOHA